[Event "Landesklasse West 2013/2014"]
[Site "?"]
[Date "2013.09.15"]
[Round "1"]
[White "Hentrich, Jörg"]
[Black "Tischner, Manfred"]
[Result "1-0"]
[WhiteElo "1727"]
[BlackElo "1729"]
[PlyCount "111"]
[EventDate "2013.??.??"]
[WhiteTeam "SV Ammern"]
[BlackTeam "SV Wartburgstadt Eisenach"]

1. e4 e5 2. f4 Bc5 3. Nf3 Nc6 4. Bc4 d6 5. Nc3 Nf6 6. d3 a6 7. fxe5 dxe5 8. Bg5
h6 9. Bh4 g5 10. Bg3 Bg4 11. h4 Rg8 12. hxg5 hxg5 13. Qd2 Bxf3 14. gxf3 Qe7 15.
O-O-O O-O-O 16. Nd5 Nxd5 17. Bxd5 Nd4 18. Rdf1 Rh8 19. Rxh8 Rxh8 20. c3 Ne6 21.
Bxe5 f6 22. Bg3 Rh3 23. Qg2 Be3+ 24. Kb1 Rh6 25. Bf2 Bxf2 26. Bxe6+ Qxe6 27.
Qxf2 Qe5 28. f4 gxf4 29. Qxf4 Qxf4 30. Rxf4 Kd7 31. c4 Ke6 32. Kc2 Rh2+ 33. Kc3
Rg2 34. Rh4 Rf2 35. a4 Rf1 36. Rh5 Rf3 37. b4 Rf1 38. a5 Ra1 39. Rh7 Kd6 40.
c5+ Kc6 41. Rf7 Rc1+ 42. Kd2 Rb1 43. Rxf6+ Kb5 44. Rf7 Rxb4 45. Rxc7 Kxa5 46.
e5 b5 47. e6 Rh4 48. e7 Rh8 49. d4 b4 50. Rb7 Re8 51. d5 b3 52. Kc3 Rc8 53. c6
Ka4 54. Rxb3 a5 55. Rb1 Re8 56. d6 1-0

[Event "Landesklasse West 2013/2014"]
[Site "?"]
[Date "2013.09.15"]
[Round "1"]
[White "Essegern, Kurt"]
[Black "Wiederhold, Frank"]
[Result "1-0"]
[WhiteElo "1963"]
[BlackElo "1706"]
[PlyCount "63"]
[EventDate "2013.??.??"]
[WhiteTeam "Randspringer Bad Salzungen"]
[BlackTeam "SV Gernrode 1887"]

1. e4 c5 2. Nf3 Nc6 3. d4 cxd4 4. Nxd4 e6 5. Nc3 a6 6. g3 Nge7 7. Bg2 Nxd4 8.
Qxd4 Nc6 9. Qd1 Be7 10. O-O O-O 11. Be3 d6 12. f4 Bd7 13. Qd2 Na5 14. b3 Qc7
15. Nd1 b5 16. Bd4 Rac8 17. Ne3 Bc6 18. Rac1 Rfd8 19. c4 bxc4 20. Nxc4 Nxc4 21.
Rxc4 Qb7 22. Rfc1 d5 23. exd5 exd5 24. R4c2 Bb4 25. Qf2 Ba3 26. Rd1 Re8 27. Bc5
Bxc5 28. Rxc5 Rcd8 29. Rdc1 Rd6 30. Qd4 f5 31. Rxc6 Rxc6 32. Bxd5+ 1-0

[Event "Landesklasse West 2013/2014"]
[Site "?"]
[Date "2013.09.15"]
[Round "1"]
[White "Brodmann, Michael"]
[Black "Hübschmann, Holger"]
[Result "1/2-1/2"]
[WhiteElo "1718"]
[BlackElo "1894"]
[PlyCount "72"]
[EventDate "2013.??.??"]
[WhiteTeam "SV Gernrode 1887"]
[BlackTeam "Randspringer Bad Salzungen"]

1. d4 d5 2. Nf3 Nf6 3. Bf4 Bf5 4. e3 Nbd7 5. c4 dxc4 6. Nc3 c6 7. Bxc4 e6 8.
O-O Be7 9. h3 h6 10. Bd3 Bxd3 11. Qxd3 Nd5 12. Nxd5 exd5 13. a3 O-O 14. b4 a6
15. Rfc1 Re8 16. Rab1 Nb6 17. Rc2 Bd6 18. Bxd6 Qxd6 19. Qb3 Nc4 20. Nd2 b5 21.
Qc3 Re7 22. Re1 Qc7 23. Ra2 a5 24. Rea1 Qb6 25. a4 Rea7 26. Nxc4 dxc4 27. Qb2
bxa4 28. Rxa4 axb4 29. Rxa7 Rxa7 30. Rxa7 Qxa7 31. Qxb4 Qa1+ 32. Kh2 c3 33. Qe7
Qb1 34. Qe8+ Kh7 35. Qxf7 Qg6 36. Qc4 Qc2 1/2-1/2

[Event "Landesklasse West 2013/2014"]
[Site "?"]
[Date "2013.09.15"]
[Round "1"]
[White "Essegern, Uwe"]
[Black "Brodmann, Peter"]
[Result "1/2-1/2"]
[WhiteElo "1869"]
[BlackElo "1688"]
[PlyCount "52"]
[EventDate "2013.??.??"]
[WhiteTeam "Randspringer Bad Salzungen"]
[BlackTeam "SV Gernrode 1887"]

1. d4 d5 2. Nf3 Nf6 3. e3 Bg4 4. c4 Bxf3 5. Qxf3 e6 6. Bd3 Be7 7. O-O Nbd7 8.
b3 c6 9. Bb2 O-O 10. Nd2 Qa5 11. Qe2 Qb6 12. Rac1 Rac8 13. Rc2 a5 14. c5 Qc7
15. f4 g6 16. Qf3 b6 17. cxb6 Qxb6 18. g4 a4 19. Rfc1 axb3 20. Nxb3 Rc7 21. g5
Nh5 22. Qe2 Ra8 23. Bb5 Rac8 24. Ba6 Ra8 25. Bb5 Rac8 26. Ba6 Ra8 1/2-1/2

[Event "Landesklasse West 2013/2014"]
[Site "?"]
[Date "2013.09.15"]
[Round "1"]
[White "Schulz, Tilo"]
[Black "Lath, Vinzent"]
[Result "1-0"]
[WhiteElo "1873"]
[BlackElo "1610"]
[PlyCount "73"]
[EventDate "2013.??.??"]
[WhiteTeam "Randspringer Bad Salzungen"]
[BlackTeam "SV Gernrode 1887"]

1. e4 c5 2. Nf3 e6 3. d4 cxd4 4. Nxd4 a6 5. Bd3 Nc6 6. Be3 Qc7 7. Nc3 Nf6 8.
O-O Bb4 9. Na4 b5 10. a3 Bd6 11. Nxc6 dxc6 12. Nb6 Rb8 13. Nxc8 Rxc8 14. f4 Be7
15. Qf3 c5 16. c4 Qc6 17. Rfc1 Rd8 18. Bf2 O-O 19. Qe2 Nd7 20. cxb5 axb5 21.
Bxb5 Qc7 22. g3 Qa5 23. a4 Nf6 24. Rd1 Qb4 25. Bc4 Rxd1+ 26. Rxd1 Qxa4 27. e5
Ng4 28. Bb5 Qb3 29. Bc4 Qb4 30. Be1 Qb6 31. Qxg4 Qxb2 32. Qe2 Qb7 33. Ba6 Qa7
34. Bf2 f6 35. Bc4 Qb6 36. Rd7 Qb1+ 37. Kg2 1-0

[Event "Landesklasse West 2013/2014"]
[Site "?"]
[Date "2013.09.15"]
[Round "1"]
[White "Lath, Siegfried"]
[Black "Kunze, Heinz"]
[Result "1-0"]
[WhiteElo "1643"]
[BlackElo "1693"]
[PlyCount "89"]
[EventDate "2013.??.??"]
[WhiteTeam "SV Gernrode 1887"]
[BlackTeam "Randspringer Bad Salzungen"]

1. e4 c5 2. Nf3 Nc6 3. d4 cxd4 4. Nxd4 e6 5. Nc3 a6 6. Be3 Qc7 7. a4 Nf6 8. Bd3
Bb4 9. O-O Nxd4 10. Bxd4 e5 11. Na2 Be7 12. Be3 b6 13. f4 Bb7 14. Nc3 d6 15.
Qf3 O-O 16. h3 Rad8 17. Qf2 Nd7 18. Nd5 Bxd5 19. exd5 Qb7 20. c4 exf4 21. Qxf4
Ne5 22. Bc2 Ng6 23. Qf2 b5 24. axb5 Ra8 25. Ba4 Bf6 26. Bd4 Ne5 27. b6 Rab8 28.
b3 Nd3 29. Qe3 Bxd4 30. Qxd4 Nc5 31. b4 Nxa4 32. Rxa4 Qxb6 33. Qxb6 Rxb6 34. c5
dxc5 35. bxc5 Rb5 36. Rc1 g6 37. d6 a5 38. d7 Rb7 39. c6 Rc7 40. Rxa5 Rd8 41.
Rb5 Kf8 42. Kf2 Ke7 43. Re5+ Kd6 44. Re8 Rdxd7 45. cxd7 1-0

[Event "Landesklasse West 2013/2014"]
[Site "?"]
[Date "2013.09.15"]
[Round "1"]
[White "Mäurer, Michael"]
[Black "Mosebach, Christian"]
[Result "1/2-1/2"]
[WhiteElo "1592"]
[BlackElo "1565"]
[PlyCount "37"]
[EventDate "2013.??.??"]
[WhiteTeam "Randspringer Bad Salzungen"]
[BlackTeam "SV Gernrode 1887"]

1. d4 d5 2. f4 c6 3. Nf3 Nf6 4. e3 Bf5 5. Bd3 Bxd3 6. Qxd3 e6 7. Nbd2 Nbd7 8.
O-O g6 9. b3 Bg7 10. a4 O-O 11. Ba3 Re8 12. Ne5 h6 13. Rac1 Rc8 14. c4 Nxe5 15.
fxe5 Nh7 16. Rf2 Bf8 17. Bxf8 Rxf8 18. Rcf1 Kg7 19. c5 1/2-1/2

[Event "Landesklasse West 2013/2014"]
[Site "?"]
[Date "2013.09.15"]
[Round "1"]
[White "Lubojanski, Stephan"]
[Black "Wiefel, Erik"]
[Result "0-1"]
[WhiteElo "1599"]
[BlackElo "1761"]
[PlyCount "129"]
[EventDate "2013.??.??"]
[WhiteTeam "SV Gernrode 1887"]
[BlackTeam "Randspringer Bad Salzungen"]

1. e4 Nf6 2. e5 Nd5 3. d4 d6 4. Bc4 Nb6 5. Bb3 dxe5 6. Qf3 e6 7. dxe5 Nc6 8.
Bf4 Be7 9. Ne2 Nd5 10. O-O Nxf4 11. Qxf4 O-O 12. c3 Bg5 13. Qg3 Qe7 14. Bc2 g6
15. f4 Bh6 16. Nd2 Bg7 17. Ne4 Rd8 18. Rad1 Bd7 19. Qh3 Be8 20. N2g3 Rxd1 21.
Rxd1 Rd8 22. Rxd8 Qxd8 23. Ng5 h6 24. N5e4 h5 25. Nf1 Qe7 26. Nfd2 f5 27. Ng5
Bh6 28. Ndf3 Bf7 29. Bb3 Na5 30. Bc2 Qc5+ 31. Kf1 Qe3 32. Nxf7 Qc1+ 33. Ne1
Qxf4+ 34. Kg1 Kxf7 35. Qd3 Qe3+ 36. Qxe3 Bxe3+ 37. Kf1 Bf4 38. Nf3 Nc4 39. Ke2
Nxe5 40. Nxe5+ Bxe5 41. h3 Kf6 42. Kf3 g5 43. g4 hxg4+ 44. hxg4 b5 45. Bd3 c6
46. a3 a5 47. Bc2 c5 48. Bd3 b4 49. axb4 cxb4 50. cxb4 axb4 51. b3 Bd4 52. Bc2
Ke5 53. Bd3 Bc3 54. Bc2 Bd2 55. Bb1 f4 56. Bd3 Kd4 57. Bc4 e5 58. Ke2 Be3 59.
Kf3 e4+ 60. Ke2 f3+ 61. Ke1 Ke5 62. Bf7 Kf4 63. Be6 Bd4 64. Kf1 e3 65. Ke1 0-1

[Event "Landesklasse West 2013/2014"]
[Site "?"]
[Date "2013.09.15"]
[Round "1"]
[White "Lesser, Thomas"]
[Black "Gast, Rainer"]
[Result "1/2-1/2"]
[WhiteElo "1855"]
[BlackElo "1909"]
[PlyCount "34"]
[EventDate "2013.??.??"]
[WhiteTeam "SV Schmalkalden 04"]
[BlackTeam "SV Breitenworbis"]

1. e4 c6 2. d4 d5 3. exd5 cxd5 4. Bd3 Nf6 5. Bf4 Nc6 6. c3 e6 7. Nf3 Bd6 8.
Bxd6 Qxd6 9. Nbd2 O-O 10. O-O a6 11. Re1 b5 12. Ne5 Na5 13. b4 Nc4 14. Nexc4
bxc4 15. Bc2 g6 16. g3 Nd7 17. Nf3 Re8 1/2-1/2

[Event "Landesklasse West 2013/2014"]
[Site "?"]
[Date "2013.09.15"]
[Round "1"]
[White "Bötticher, Heinz-Wilfried"]
[Black "Bamberg, Alexander"]
[Result "1-0"]
[WhiteElo "1820"]
[BlackElo "1853"]
[PlyCount "67"]
[EventDate "2013.??.??"]
[WhiteTeam "SV Breitenworbis"]
[BlackTeam "SV Schmalkalden 04"]

1. d4 Nf6 2. c4 e6 3. Nc3 d5 4. cxd5 exd5 5. Bg5 Be7 6. e3 c6 7. Bd3 Be6 8. Qc2
Nbd7 9. Nf3 h6 10. Bh4 O-O 11. O-O Re8 12. Rae1 Rc8 13. Ne5 Nxe5 14. dxe5 Nd7
15. Bxe7 Qxe7 16. f4 Nc5 17. Rf3 Nxd3 18. Qxd3 Bd7 19. Rg3 Rcd8 20. Rf1 f5 21.
Ne2 Be6 22. Nd4 Rf8 23. Rg6 Bc8 24. e6 Rf6 25. Nxf5 Qxe6 26. Rxg7+ Kf8 27. Qa3+
Rd6 28. Qxd6+ Qxd6 29. Nxd6 Rxd6 30. Rc7 Bg4 31. Rxb7 Re6 32. Kf2 a6 33. Rb6
Bf5 34. Rc1 1-0

[Event "Landesklasse West 2013/2014"]
[Site "?"]
[Date "2013.09.15"]
[Round "1"]
[White "Krannich, Steffen"]
[Black "Hellrung, Bernhard"]
[Result "0-1"]
[WhiteElo "1818"]
[BlackElo "1841"]
[PlyCount "46"]
[EventDate "2013.??.??"]
[WhiteTeam "SV Schmalkalden 04"]
[BlackTeam "SV Breitenworbis"]

1. d4 Nf6 2. Nf3 g6 3. g3 Bg7 4. Bg2 d6 5. O-O O-O 6. c4 c6 7. Nc3 Qc7 8. Qc2
Nbd7 9. Rb1 a5 10. a3 e5 11. dxe5 dxe5 12. b4 axb4 13. axb4 Re8 14. Nd2 Nf8 15.
h3 Ne6 16. Nb3 Nd4 17. Qb2 Bf5 18. e4 Be6 19. Rd1 Red8 20. Be3 Ne8 21. Ne2 Nxb3
22. Qxb3 b5 23. Nc3 Nd6 0-1

[Event "Landesklasse West 2013/2014"]
[Site "?"]
[Date "2013.09.15"]
[Round "1"]
[White "Leibeling, Lucian"]
[Black "Burkhardt, Christian"]
[Result "1/2-1/2"]
[WhiteElo "1844"]
[BlackElo "1695"]
[PlyCount "34"]
[EventDate "2013.??.??"]
[WhiteTeam "SV Breitenworbis"]
[BlackTeam "SV Schmalkalden 04"]

1. c4 Nf6 2. Nc3 e6 3. d3 d5 4. cxd5 exd5 5. Nf3 h6 6. g3 c6 7. Bg2 Bd6 8. O-O
O-O 9. e3 Bg4 10. Ne2 Nbd7 11. b3 Ne5 12. Nxe5 Bxe5 13. Rb1 Qd7 14. Bb2 Bxb2
15. Rxb2 Bh3 16. Nf4 Bxg2 17. Kxg2 Rfe8 1/2-1/2

[Event "Landesklasse West 2013/2014"]
[Site "?"]
[Date "2013.09.15"]
[Round "1"]
[White "Klein, Matthias"]
[Black "Vergin, Marcel"]
[Result "1/2-1/2"]
[WhiteElo "1761"]
[BlackElo "1665"]
[PlyCount "39"]
[EventDate "2013.??.??"]
[WhiteTeam "SV Schmalkalden 04"]
[BlackTeam "SV Breitenworbis"]

1. Nf3 Nf6 2. g3 c5 3. Bg2 d6 4. d3 Nc6 5. e4 e6 6. O-O Be7 7. c3 O-O 8. Re1
Qc7 9. Nbd2 Rd8 10. Nc4 b5 11. e5 bxc4 12. exf6 Bxf6 13. dxc4 Bb7 14. Bg5 Bxg5
15. Nxg5 Ne5 16. Qe2 Rd7 17. f4 Ng6 18. Rad1 Rad8 19. Qh5 Nf8 20. Qe2 1/2-1/2

[Event "Landesklasse West 2013/2014"]
[Site "?"]
[Date "2013.09.15"]
[Round "1"]
[White "Biel, Peter"]
[Black "Weigend, Joachim"]
[Result "1/2-1/2"]
[WhiteElo "1677"]
[BlackElo "1797"]
[PlyCount "82"]
[EventDate "2013.??.??"]
[WhiteTeam "SV Breitenworbis"]
[BlackTeam "SV Schmalkalden 04"]

1. e4 c5 2. Nf3 a6 3. d4 cxd4 4. Qxd4 Nc6 5. Qd2 d6 6. Nc3 g6 7. Be2 Bg7 8. O-O
Nf6 9. Rd1 O-O 10. e5 Ne8 11. Qe3 Bf5 12. exd6 Nxd6 13. Bd3 Bxd3 14. Rxd3 Rc8
15. Nd5 Nf5 16. Nf6+ Bxf6 17. Rxd8 Nxe3 18. Rxf8+ Kxf8 19. Bxe3 b5 20. c3 Na5
21. Bd4 Bxd4 22. Nxd4 e5 23. Nf3 f6 24. Kf1 Nc4 25. b3 Nd6 26. Rc1 g5 27. Nd2
Ke7 28. Ke2 Ke6 29. g4 h5 30. h3 hxg4 31. hxg4 Rh8 32. Ke3 f5 33. gxf5+ Nxf5+
34. Ke2 Nd6 35. c4 bxc4 36. Nxc4 Rc8 37. Kd3 Nxc4 38. Rxc4 Rf8 39. Ke3 Kf5 40.
Rc6 Ra8 41. b4 Rb8 1/2-1/2

[Event "Landesklasse West 2013/2014"]
[Site "?"]
[Date "2013.09.15"]
[Round "1"]
[White "Röder, Detlef"]
[Black "Gast, Benedikt"]
[Result "1/2-1/2"]
[WhiteElo "1666"]
[BlackElo "1587"]
[PlyCount "32"]
[EventDate "2013.??.??"]
[WhiteTeam "SV Schmalkalden 04"]
[BlackTeam "SV Breitenworbis"]

1. e4 e5 2. Nf3 d6 3. d4 exd4 4. Nxd4 Nf6 5. Nc3 Be7 6. Bc4 O-O 7. Bb3 Na6 8.
O-O Nc5 9. Re1 Re8 10. f3 Nxb3 11. Nxb3 Be6 12. Nd4 Bd7 13. Be3 Bf8 14. Qd2 c6
15. Nde2 Qc7 16. Bd4 Be7 1/2-1/2

[Event "Landesklasse West 2013/2014"]
[Site "?"]
[Date "2013.09.15"]
[Round "1"]
[White "Anisheva, Varvara"]
[Black "Kuntze, Andreas"]
[Result "1/2-1/2"]
[WhiteElo "2010"]
[BlackElo "2015"]
[PlyCount "34"]
[EventDate "2013.??.??"]
[WhiteTeam "SC 51 Nordhausen"]
[BlackTeam "Schachclub Rochade Leinefelde"]

1. b3 d6 2. Bb2 e5 3. e3 Nf6 4. Ne2 g6 5. d4 Nbd7 6. c4 Bg7 7. Nbc3 O-O 8. g3
Re8 9. Bg2 c6 10. O-O exd4 11. exd4 Nf8 12. Qd2 Bf5 13. Rfe1 Qd7 14. d5 c5 15.
f3 h5 16. Nd1 Re7 17. Nf2 Rae8 1/2-1/2

[Event "Landesklasse West 2013/2014"]
[Site "?"]
[Date "2013.09.15"]
[Round "1"]
[White "Kachel, Alfred"]
[Black "Königsmann, Marcus"]
[Result "0-1"]
[WhiteElo "1948"]
[BlackElo "1883"]
[PlyCount "96"]
[EventDate "2013.??.??"]
[WhiteTeam "Schachclub Rochade Leinefelde"]
[BlackTeam "SC 51 Nordhausen"]

1. d4 Nf6 2. c4 d5 3. cxd5 Qxd5 4. Nc3 Qa5 5. Nf3 c6 6. Bd2 Nbd7 7. e4 e5 8.
dxe5 Nxe5 9. Be2 Nxf3+ 10. Bxf3 Qa6 11. Be2 Qb6 12. e5 Nd7 13. Na4 Qd4 14. O-O
Be7 15. e6 fxe6 16. Bh5+ g6 17. Re1 O-O 18. Be3 Qxd1 19. Bxd1 Nf6 20. Nc3 Nd5
21. Bh6 Rf7 22. Bg4 Nxc3 23. bxc3 Bf6 24. Rad1 e5 25. Bxc8 Rxc8 26. c4 Re7 27.
Rd6 Kf7 28. Be3 b6 29. Red1 e4 30. g3 Be5 31. Rd7 Ke6 32. R7d2 b5 33. c5 a5 34.
h4 b4 35. Bg5 Rb7 36. Re2 Rd7 37. Rxd7 Kxd7 38. Rxe4 Re8 39. Re3 a4 40. Rd3+
Kc7 41. Re3 Kd7 42. Rd3+ Kc8 43. Re3 Kd7 44. Rd3+ Ke6 45. Kg2 b3 46. a3 b2 47.
Rd1 Rb8 48. Rb1 Rb3 0-1

[Event "Landesklasse West 2013/2014"]
[Site "?"]
[Date "2013.09.15"]
[Round "1"]
[White "Hüllenhagen, Andreas"]
[Black "Müller, Sebastian"]
[Result "1-0"]
[WhiteElo "1657"]
[BlackElo "1897"]
[PlyCount "136"]
[EventDate "2013.??.??"]
[WhiteTeam "SC 51 Nordhausen"]
[BlackTeam "Schachclub Rochade Leinefelde"]

1. d4 d5 2. Nf3 Nf6 3. e3 c6 4. Bd3 Bg4 5. c4 Nbd7 6. cxd5 cxd5 7. Nc3 e6 8.
O-O Be7 9. h3 Bh5 10. Bd2 a6 11. a4 O-O 12. Rb1 Rc8 13. e4 Rxc3 14. bxc3 dxe4
15. Bxe4 Nxe4 16. Rxb7 Bxf3 17. gxf3 Nxd2 18. Qxd2 Bf6 19. Qa2 e5 20. Qd5 Nb8
21. Qxd8 Rxd8 22. d5 Nd7 23. Rc7 Kf8 24. Rb1 Be7 25. Rbb7 Ke8 26. Ra7 Bd6 27.
Rcb7 f5 28. c4 Bb8 29. Ra8 e4 30. Kg2 exf3+ 31. Kxf3 Bd6 32. Rxd8+ Kxd8 33. Ra7
Ne5+ 34. Ke2 Nxc4 35. Rxa6 Be5 36. Kd3 Nd6 37. Rc6 Kd7 38. a5 Nb5 39. Rb6 Nc7
40. Kc4 Bd6 41. a6 Na8 42. Rb7+ Kc8 43. Rxg7 Kb8 44. Rxh7 Nc7 45. Rf7 f4 46. h4
Nxa6 47. Rf6 Kc7 48. h5 Nc5 49. h6 Ne4 50. Rf7+ Kd8 51. h7 Be5 52. Rxf4 Nd6+
53. Kd3 Ke7 54. Rg4 Nf7 55. f4 Bb2 56. Rg6 Nh8 57. Re6+ Kf7 58. f5 Kg7 59. Re7+
Kf6 60. Rb7 Ba1 61. Ke4 Nf7 62. Rb6+ Kg7 63. Rb7 Kf6 64. Kf4 Be5+ 65. Kg4 Kg7
66. d6 Kf6 67. d7 Ke7 68. d8=Q+ Kxd8 1-0

[Event "Landesklasse West 2013/2014"]
[Site "?"]
[Date "2013.09.15"]
[Round "1"]
[White "Petiko, Jakob"]
[Black "Viererbe, Hartmut"]
[Result "1-0"]
[WhiteElo "1916"]
[BlackElo "1626"]
[PlyCount "63"]
[EventDate "2013.??.??"]
[WhiteTeam "Schachclub Rochade Leinefelde"]
[BlackTeam "SC 51 Nordhausen"]

1. e4 c5 2. Nc3 a6 3. g3 b5 4. Bg2 Bb7 5. Nge2 Nc6 6. d4 cxd4 7. Nxd4 e5 8. Nf5
Nf6 9. Nd5 g6 10. Bg5 Qa5+ 11. Bd2 Qd8 12. Bg5 Qa5+ 13. c3 Nxd5 14. exd5 gxf5
15. dxc6 dxc6 16. Bf6 Rg8 17. Bxe5 Be7 18. Qe2 Kf8 19. O-O Re8 20. Qh5 f6 21.
Bf4 Kg7 22. Qxf5 Kh8 23. Be4 Rg6 24. Qd7 Qd8 25. Qxb7 Rg7 26. Qxc6 Bf8 27. Rad1
Qe7 28. Bf5 Qe2 29. Qxf6 Bc5 30. Rd7 Bxf2+ 31. Rxf2 Qe1+ 32. Kg2 1-0

[Event "Landesklasse West 2013/2014"]
[Site "?"]
[Date "2013.09.15"]
[Round "1"]
[White "Göbel, Klaus"]
[Black "Frank, Thomas"]
[Result "0-1"]
[WhiteElo "1349"]
[BlackElo "1908"]
[PlyCount "84"]
[EventDate "2013.??.??"]
[WhiteTeam "SC 51 Nordhausen"]
[BlackTeam "Schachclub Rochade Leinefelde"]

1. d4 Nf6 2. e3 d6 3. Nf3 g6 4. Nc3 Bg7 5. Bc4 O-O 6. Qe2 c6 7. Bd3 Qc7 8. e4
Nbd7 9. h3 e5 10. dxe5 dxe5 11. Be3 a6 12. Qd2 b5 13. Bh6 Nc5 14. Qg5 b4 15.
Nd1 Nfxe4 16. Qe3 Bxh6 17. Qxh6 Nxd3+ 18. cxd3 Nc5 19. Ne3 Nxd3+ 20. Kf1 f6 21.
b3 Be6 22. h4 Qg7 23. Qxg7+ Kxg7 24. h5 Rfd8 25. h6+ Kf7 26. Nd2 Nxf2 27. Kxf2
Rxd2+ 28. Kg1 Rad8 29. Kh2 R8d3 30. Nf1 Rc2 31. a3 Bxb3 32. axb4 Bc4 33. Re1
Rb2 34. Ne3 Rxb4 35. Re2 Be6 36. Rf1 Rh4+ 37. Kg1 Rxh6 38. Ra1 Rh4 39. Rxa6 Bd5
40. Rb2 Rxe3 41. Rb7+ Ke6 42. Raa7 Rg4 0-1

[Event "Landesklasse West 2013/2014"]
[Site "?"]
[Date "2013.09.15"]
[Round "1"]
[White "Curea, Virgil"]
[Black "Seeboth, Paul"]
[Result "0-1"]
[WhiteElo "1497"]
[BlackElo "1819"]
[PlyCount "64"]
[EventDate "2013.??.??"]
[WhiteTeam "SC 51 Nordhausen"]
[BlackTeam "Schachclub Rochade Leinefelde"]

1. d4 Nf6 2. Bg5 e6 3. e4 h6 4. Bxf6 Qxf6 5. e5 Qd8 6. Bb5 a6 7. Bd3 c5 8. c3
cxd4 9. cxd4 Qb6 10. Qc2 Nc6 11. Nf3 Nxd4 12. Nxd4 Qxd4 13. Qe2 Bb4+ 14. Nd2
Bxd2+ 15. Qxd2 Qxe5+ 16. Be2 O-O 17. O-O d5 18. Rac1 Bd7 19. Rc3 Rac8 20. Rg3
f5 21. Qxh6 Qxg3 22. Qd2 Qd6 23. Rd1 Rc7 24. h4 Rfc8 25. Bd3 Be8 26. Qg5 f4 27.
h5 Rc1 28. Rxc1 Rxc1+ 29. Kh2 e5 30. Bf5 Qf6 31. Qg4 Bf7 32. Bg6 Be6 0-1

[Event "Landesklasse West 2013/2014"]
[Site "?"]
[Date "2013.09.15"]
[Round "1"]
[White "Löffelholz, Christian"]
[Black "Montag, Andreas"]
[Result "1/2-1/2"]
[WhiteElo "1726"]
[BlackElo "1690"]
[PlyCount "37"]
[EventDate "2013.??.??"]
[WhiteTeam "Schachclub Rochade Leinefelde"]
[BlackTeam "SC 51 Nordhausen"]

1. e4 c5 2. Nf3 e6 3. d4 cxd4 4. Nxd4 Nc6 5. Be3 a6 6. c3 Nf6 7. Nd2 d5 8. Nxc6
bxc6 9. Qa4 Qc7 10. Be2 Be7 11. O-O O-O 12. f4 Bb7 13. e5 Nd7 14. Qc2 c5 15.
Rf3 f5 16. exf6 Nxf6 17. Rh3 e5 18. fxe5 Qxe5 19. Bd3 1/2-1/2

[Event "Landesklasse West 2013/2014"]
[Site "?"]
[Date "2013.10.20"]
[Round "2"]
[White "Krüger, Karsten"]
[Black "Essegern, Kurt"]
[Result "0-1"]
[WhiteElo "1242"]
[BlackElo "1963"]
[PlyCount "78"]
[EventDate "2013.??.??"]
[WhiteTeam "Schachverein Stützerbach"]
[BlackTeam "Randspringer Bad Salzungen"]

1. e4 c5 2. Bc4 e6 3. Nc3 Nc6 4. Nf3 Nf6 5. d4 cxd4 6. Nxd4 Bb4 7. Bg5 Qa5 8.
Qd3 Qxg5 9. O-O Nxd4 10. Qxd4 Bc5 11. Qd3 a6 12. a3 b5 13. Ba2 O-O 14. b4 Ba7
15. Bb1 Bb7 16. Re1 Rac8 17. Nd1 Qe5 18. c3 d5 19. Kf1 dxe4 20. Qg3 Qh5 21. Qh3
Qxh3 22. gxh3 Rfd8 23. Bc2 Rd2 24. Re2 Rxe2 25. Kxe2 Nh5 26. Rc1 Nf4+ 27. Kf1
Nxh3 28. Bb1 f5 29. Ne3 Bxe3 30. fxe3 Bd5 31. Kg2 Ng5 32. h4 Nf3 33. h5 Nd2 34.
Kg3 Nxb1 35. Rxb1 Rxc3 36. Rg1 Kf7 37. Kh4 Rxe3 38. Rc1 Kf6 39. Rc8 g5+ 0-1

[Event "Landesklasse West 2013/2014"]
[Site "?"]
[Date "2013.10.20"]
[Round "2"]
[White "Hübschmann, Holger"]
[Black "Latussek, Paul"]
[Result "1-0"]
[WhiteElo "1894"]
[BlackElo "1448"]
[PlyCount "71"]
[EventDate "2013.??.??"]
[WhiteTeam "Randspringer Bad Salzungen"]
[BlackTeam "Schachverein Stützerbach"]

1. Nf3 c5 2. c4 Nc6 3. g3 e6 4. Nc3 Nf6 5. Bg2 Be7 6. O-O O-O 7. d4 cxd4 8.
Nxd4 a6 9. e4 Bc5 10. Nb3 Bb4 11. Qc2 e5 12. Bg5 Bxc3 13. Qxc3 h6 14. Be3 Qc7
15. c5 Rd8 16. f3 d5 17. cxd6 Rxd6 18. Bc5 Rd8 19. Qe3 Nd7 20. Rac1 Nxc5 21.
Nxc5 b6 22. Na4 Rd4 23. b3 Be6 24. f4 f6 25. Qc3 Rc8 26. Rf2 Rcd8 27. Qxc6 Rd1+
28. Rf1 Rxc1 29. Qxc1 Qd7 30. Qe3 Qd4 31. Qxd4 Rxd4 32. f5 Bc8 33. Nxb6 Bb7 34.
Nd5 Bxd5 35. exd5 e4 36. Re1 1-0

[Event "Landesklasse West 2013/2014"]
[Site "?"]
[Date "2013.10.20"]
[Round "2"]
[White "Handschuh, Franz"]
[Black "Schulz, Tilo"]
[Result "1/2-1/2"]
[WhiteElo "1807"]
[BlackElo "1873"]
[PlyCount "110"]
[EventDate "2013.??.??"]
[WhiteTeam "Schachverein Stützerbach"]
[BlackTeam "Randspringer Bad Salzungen"]

1. d4 Nf6 2. e3 g6 3. Bd3 Bg7 4. f4 O-O 5. Nf3 d6 6. O-O Nbd7 7. f5 e5 8. fxe6
fxe6 9. c3 Qe7 10. e4 e5 11. d5 Nc5 12. Bg5 Qe8 13. Qe2 Nh5 14. Bc2 a5 15. Nbd2
Bg4 16. Nb3 Nf4 17. Qd2 Nd7 18. h3 Nxh3+ 19. gxh3 Bxf3 20. Rf2 a4 21. Nc1 Nc5
22. Qe3 Bh5 23. Ne2 Rxf2 24. Qxf2 Qd7 25. Kh2 Rf8 26. Qe1 Qf7 27. Be3 Bxe2 28.
Qxe2 Qf3 29. Qxf3 Rxf3 30. Re1 b5 31. Kg2 Rf8 32. Bxc5 dxc5 33. Bd1 Rf6 34. c4
bxc4 35. Bxa4 Ra6 36. b3 Bh6 37. Ra1 c3 38. Bb5 Rf6 39. Bd3 Be3 40. Rf1 Rb6 41.
Kf3 Bd4 42. Ke2 Kg7 43. Bc4 h5 44. a4 Rf6 45. Kd1 Rxf1+ 46. Bxf1 c4 47. b4 Kf6
48. d6 cxd6 49. Bxc4 Ke7 50. a5 g5 51. Be2 h4 52. b5 Kd7 53. Kc2 Kc7 54. Bg4
Kb8 55. Kd3 Bf2 1/2-1/2

[Event "Landesklasse West 2013/2014"]
[Site "?"]
[Date "2013.10.20"]
[Round "2"]
[White "Feldmann, Bernd"]
[Black "Brehme, Stefan"]
[Result "0-1"]
[WhiteElo "1817"]
[BlackElo "1775"]
[PlyCount "76"]
[EventDate "2013.??.??"]
[WhiteTeam "Randspringer Bad Salzungen"]
[BlackTeam "Schachverein Stützerbach"]

1. d4 Nf6 2. c4 e6 3. Nc3 d5 4. Bg5 Be7 5. e3 O-O 6. Nf3 b6 7. cxd5 exd5 8. Bd3
Bb7 9. Qc2 h6 10. h4 Nbd7 11. O-O-O c5 12. g4 cxd4 13. exd4 hxg5 14. hxg5 Ne4
15. Nxe4 dxe4 16. Bxe4 Bxg5+ 17. Kb1 Bxe4 18. Qxe4 g6 19. Rh3 Re8 20. Qd5 Bf6
21. Qd6 Nf8 22. Qh2 Qb8 23. Qg2 Qf4 24. g5 Qe4+ 25. Ka1 Bg7 26. Rdh1 Qf4 27.
Rh4 Qf5 28. Qh2 f6 29. Rf4 Qe6 30. gxf6 Bxf6 31. a3 Qe7 32. Qg3 Rad8 33. Rh6
Qg7 34. Rh1 Re7 35. Nh2 Rxd4 36. Ng4 Bg5 37. Qb3+ Ne6 38. Rf6 Bxf6 0-1

[Event "Landesklasse West 2013/2014"]
[Site "?"]
[Date "2013.10.20"]
[Round "2"]
[White "Mages, Horst"]
[Black "Kunze, Heinz"]
[Result "1/2-1/2"]
[WhiteElo "1713"]
[BlackElo "1693"]
[PlyCount "23"]
[EventDate "2013.??.??"]
[WhiteTeam "Schachverein Stützerbach"]
[BlackTeam "Randspringer Bad Salzungen"]

1. d4 Nf6 2. Nf3 g6 3. g3 Bg7 4. Bg2 O-O 5. O-O d5 6. Nbd2 Nbd7 7. c3 Re8 8.
Re1 e5 9. Nxe5 Nxe5 10. dxe5 Rxe5 11. Nb3 Re8 12. Bg5 1/2-1/2

[Event "Landesklasse West 2013/2014"]
[Site "?"]
[Date "2013.10.20"]
[Round "2"]
[White "Mäurer, Michael"]
[Black "Licht, Ralph"]
[Result "1/2-1/2"]
[WhiteElo "1592"]
[BlackElo "1638"]
[PlyCount "28"]
[EventDate "2013.??.??"]
[WhiteTeam "Randspringer Bad Salzungen"]
[BlackTeam "Schachverein Stützerbach"]

1. d4 d5 2. f4 Nc6 3. Nf3 Bf5 4. e3 g6 5. Bd3 Bg7 6. c3 Qd7 7. Qc2 O-O-O 8. Ne5
Nxe5 9. fxe5 Bxd3 10. Qxd3 f6 11. exf6 Nxf6 12. O-O Rhf8 13. Nd2 Ng4 14. Rxf8
Rxf8 1/2-1/2